Statistiques concernant Les Ballons d'or (années en 7)

Cliquez ici pour prendre le quiz!

Statistiques générales

  • Ce quiz a été pris 63 fois
  • Le résultat moyen est 6 sur 7

Statistiques - réponses

AnnéeNationalitéBallon d'or% Correct
2017PortugalCristiano Ronaldo
100%
1997BrésilRonaldo
100%
2007BrésilKaká
97%
1957EspagneAlfredo Di Stéfano
92%
1987Pays-BasRuud Gullit
81%
1967HongrieFlórián Albert
42%
1977DanemarkAllan Simonsen
41%

Distribution des résultats

Percentile par nombre de réponses

% des personnes avec chaque résultat

Votre développement - résultats

Vous n’avez pas pris ce quiz